Capitales du monde les plus proches à Jérusalem - une minute sprint - Statistiques

Statistiques générales
  • Ce quiz a été pris 44 fois
  • Le résultat moyen est 10 sur 20
Statistiques - réponses
km capitale % Correct
237 Beyrouth
87%
71 Amman
84%
217 Damas
84%
430 Le Caire
84%
932 Ankara
71%
1376 Riyad
71%
879 Bagdad
68%
1559 Téhéran
66%
415 Nicosie
63%
1256 Athènes
55%
1250 Koweït
42%
1253 Erevan
39%
1628 Bakou
37%
1396 Tbilissi
34%
1606 Sofia
32%
1736 Tirana
21%
1616 Manama
18%
1619 Bucarest
16%
1670 Skopje
16%
1735 Pristina
5%
Aucun quiz correspondant
Distribution des résultats
% des personnes avec chaque résultat
Percentile par nombre de réponses
Votre historique - résultats
Vous n’avez pas pris ce quiz